| 000 | 01229cam a22003737i 4500 | ||
|---|---|---|---|
| 001 | 17759523 | ||
| 003 | OSt | ||
| 005 | 20180116183104.0 | ||
| 008 | 130531s2015 at b 001 0 eng d | ||
| 010 | _a 2013941787 | ||
| 015 |
_aGBB3A6029 _2bnb |
||
| 016 | 7 |
_a016547641 _2Uk |
|
| 020 | _a9781285430119 (pbk.) | ||
| 020 | _a1285430115 (pbk.) | ||
| 035 | _a(OCoLC)ocn864087291 | ||
| 040 |
_aUKMGB _beng _erda _cUKMGB _dOCLCO _dCTX _dYDXCP _dOCLCF _dDLC |
||
| 042 | _alccopycat | ||
| 050 | 0 | 0 |
_a121 _bC42 2015 |
| 082 | 0 | 0 |
_a121 _223 |
| 100 | 1 | _aChaffee, John. | |
| 245 | 1 | 0 |
_aThinking critically . _cJohn Chaffee, PhD, Director, Center for Philosophy and Critical Thinking, City University of New York. |
| 250 | _aEleventh edition. | ||
| 260 |
_aAustralia _bCENGAGE Learning. _c2015 |
||
| 300 |
_axx, 587 pages ; _c23 cm |
||
| 500 | _aPaper Cover | ||
| 504 | _aIncludes bibliographical references and index. | ||
| 600 | _aChaffee, John. | ||
| 650 | 0 | _aThought and thinking. | |
| 650 | 0 | _aCritical thinking. | |
| 700 | _aChaffee, John. | ||
| 906 |
_a7 _bcbc _ccopycat _d3 _encip _f20 _gy-gencatlg |
||
| 942 |
_2ddc _cBK _k121 |
||
| 999 |
_c351966 _d351966 |
||